| 000 | 00467nam a2200157Ia 4500 | ||
|---|---|---|---|
| 008 | 210210b1980 xxu||||| |||| 00| 0 eng d | ||
| 082 | _a574.192 SINI | ||
| 100 | _aSINGH (H R). | ||
| 245 | _aIntroduction to animal physiology and related biochemistry. | ||
| 250 | _a | ||
| 260 |
_aND _bVishal Publications _c1980 |
||
| 300 | _av,428,7 | ||
| 650 | _aAnimal physiology and biochemistry Biochemistry and animal physiology | ||
| 690 | _aBiochemistry | ||
| 906 | _a035087 | ||
| 999 |
_c85906 _d85906 |
||